ბათუმის შოთა რუსთაველის სახელმწიფო უნივერსიტეტის ბიბლიოთეკა

მადლი დედაენისა (ბიბ.ჩანაწერი № 51180)

000 -LEADER
fixed length control field 00869nam a2200253Ia 4500
001 - CONTROL NUMBER
control field 18139
003 - CONTROL NUMBER IDENTIFIER
control field GE_BSU
008 - FIXED-LENGTH DATA ELEMENTS--GENERAL INFORMATION
fixed length control field 181216s||||||||xx |||||||||||||| ||und||
040 ## - CATALOGING SOURCE
Transcribing agency GE_BSU
080 ## - UNIVERSAL DECIMAL CLASSIFICATION NUMBER
Universal Decimal Classification number 821.353.1.09
100 ## - MAIN ENTRY--PERSONAL NAME
Personal name ჭუმბურიძე, ზურაბ
245 ## - TITLE STATEMENT
Title მადლი დედაენისა
245 ## - TITLE STATEMENT
Remainder of title ლიტ. წერილები
245 ## - TITLE STATEMENT
Statement of responsibility, etc. რედ:დ.კემულარია;მხატვ.კ.თევზაძე
260 ## - PUBLICATION, DISTRIBUTION, ETC.
Place of publication, distribution, etc. თბილისი
260 ## - PUBLICATION, DISTRIBUTION, ETC.
Name of publisher, distributor, etc. საბჭ. საქართველო
260 ## - PUBLICATION, DISTRIBUTION, ETC.
Date of publication, distribution, etc. 1982
300 ## - PHYSICAL DESCRIPTION
Extent 335გვ. 20სმ..
653 ## - INDEX TERM--UNCONTROLLED
Uncontrolled term ბალავარი მწერლობისა
653 ## - INDEX TERM--UNCONTROLLED
Uncontrolled term ილია და ქართული ენა
653 ## - INDEX TERM--UNCONTROLLED
Uncontrolled term მადლი დედაენისა
942 ## - ADDED ENTRY ELEMENTS (KOHA)
Koha item type წიგნი
ეგზემპლარები
Withdrawn status Lost status Damaged status Not for loan Date acquired Barcode Date last seen Price effective from Koha item type
        2018-12-17 46212 2018-12-17 2018-12-17 წიგნი